<?xml version="1.0" encoding="UTF-8"?><?xml-stylesheet type="text/xsl" href="static/style.xsl"?><OAI-PMH xmlns="http://www.openarchives.org/OAI/2.0/" xmlns:xsi="http://www.w3.org/2001/XMLSchema-instance" xsi:schemaLocation="http://www.openarchives.org/OAI/2.0/ http://www.openarchives.org/OAI/2.0/OAI-PMH.xsd"><responseDate>2026-04-13T00:12:23Z</responseDate><request verb="GetRecord" identifier="oai:www.recercat.cat:2445/124633" metadataPrefix="marc">https://recercat.cat/oai/request</request><GetRecord><record><header><identifier>oai:recercat.cat:2445/124633</identifier><datestamp>2025-12-05T16:20:34Z</datestamp><setSpec>com_2072_1057</setSpec><setSpec>col_2072_478917</setSpec><setSpec>col_2072_478921</setSpec></header><metadata><record xmlns="http://www.loc.gov/MARC21/slim" xmlns:dcterms="http://purl.org/dc/terms/" xmlns:xsi="http://www.w3.org/2001/XMLSchema-instance" xmlns:doc="http://www.lyncode.com/xoai" xsi:schemaLocation="http://www.loc.gov/MARC21/slim http://www.loc.gov/standards/marcxml/schema/MARC21slim.xsd">
   <leader>00925njm 22002777a 4500</leader>
   <datafield ind2=" " ind1=" " tag="042">
      <subfield code="a">dc</subfield>
   </datafield>
   <datafield ind2=" " ind1=" " tag="720">
      <subfield code="a">Mestre, Gabriel</subfield>
      <subfield code="e">author</subfield>
   </datafield>
   <datafield ind2=" " ind1=" " tag="720">
      <subfield code="a">Berbel, Cristina</subfield>
      <subfield code="e">author</subfield>
   </datafield>
   <datafield ind2=" " ind1=" " tag="720">
      <subfield code="a">Tortajada, Purificación</subfield>
      <subfield code="e">author</subfield>
   </datafield>
   <datafield ind2=" " ind1=" " tag="720">
      <subfield code="a">Alarcia, Margarita</subfield>
      <subfield code="e">author</subfield>
   </datafield>
   <datafield ind2=" " ind1=" " tag="720">
      <subfield code="a">Coca, Roser</subfield>
      <subfield code="e">author</subfield>
   </datafield>
   <datafield ind2=" " ind1=" " tag="720">
      <subfield code="a">Gallemi, Gema</subfield>
      <subfield code="e">author</subfield>
   </datafield>
   <datafield ind2=" " ind1=" " tag="720">
      <subfield code="a">Garcia, Irene</subfield>
      <subfield code="e">author</subfield>
   </datafield>
   <datafield ind2=" " ind1=" " tag="720">
      <subfield code="a">Fernández, Mari Mar</subfield>
      <subfield code="e">author</subfield>
   </datafield>
   <datafield ind2=" " ind1=" " tag="720">
      <subfield code="a">Aguilar, Mari Carmen</subfield>
      <subfield code="e">author</subfield>
   </datafield>
   <datafield ind2=" " ind1=" " tag="720">
      <subfield code="a">Martínez Martínez, José Antonio</subfield>
      <subfield code="e">author</subfield>
   </datafield>
   <datafield ind2=" " ind1=" " tag="720">
      <subfield code="a">Rodríguez Baño, Jesús</subfield>
      <subfield code="e">author</subfield>
   </datafield>
   <datafield ind2=" " ind1=" " tag="260">
      <subfield code="c">2018-09-17T17:20:14Z</subfield>
   </datafield>
   <datafield ind2=" " ind1=" " tag="260">
      <subfield code="c">2018-09-17T17:20:14Z</subfield>
   </datafield>
   <datafield ind2=" " ind1=" " tag="260">
      <subfield code="c">2012-10-22</subfield>
   </datafield>
   <datafield ind2=" " ind1=" " tag="260">
      <subfield code="c">2018-09-17T17:20:14Z</subfield>
   </datafield>
   <datafield ind2=" " ind1=" " tag="520">
      <subfield code="a">Background Only multifaceted hospital wide interventions have been successful in achieving sustained improvements in hand hygiene (HH) compliance. Methodology/Principal Findings Pre-post intervention study of HH performance at baseline (October 2007- December 2009) and during intervention, which included two phases. Phase 1 (2010) included multimodal WHO approach. Phase 2 (2011) added Continuous Quality Improvement (CQI) tools and was based on: a) Increase of alcohol hand rub (AHR) solution placement (from 0.57 dispensers/bed to 1.56); b) Increase in frequency of audits (three days every three weeks: "3/3 strategy"); c) Implementation of a standardized register form of HH corrective actions; d) Statistical Process Control (SPC) as time series analysis methodology through appropriate control charts. During the intervention period we performed 819 scheduled direct observation audits which provided data from 11,714 HH opportunities. The most remarkable findings were: a) significant improvements in HH compliance with respect to baseline (25% mean increase); b) sustained high level (82%) of HH compliance during intervention; c) significant increase in AHRs consumption over time; c) significant decrease in the rate of healthcare-acquired MRSA; d) small but significant improvements in HH compliance when comparing phase 2 to phase 1 [79.5% (95% CI: 78.2-80.7) vs 84.6% (95% CI:83.8-85.4), p&lt;0.05]; e) successful use of control charts to identify significant negative and positive deviations (special causes) related to the HH compliance process over time ("positive": 90.1% as highest HH compliance coinciding with the "World hygiene day"; and "negative":73.7% as lowest HH compliance coinciding with a statutory lay-off proceeding). Conclusions/Significance CQI tools may be a key addition to WHO strategy to maintain a good HH performance over time. In addition, SPC has shown to be a powerful methodology to detect special causes in HH performance (positive and negative) and to help establishing adequate feedback to healthcare workers.</subfield>
   </datafield>
   <datafield tag="653" ind2=" " ind1=" ">
      <subfield code="a">Salut pública</subfield>
   </datafield>
   <datafield tag="653" ind2=" " ind1=" ">
      <subfield code="a">Higiene hospitalària</subfield>
   </datafield>
   <datafield tag="653" ind2=" " ind1=" ">
      <subfield code="a">Control d'infeccions</subfield>
   </datafield>
   <datafield tag="653" ind2=" " ind1=" ">
      <subfield code="a">Public health</subfield>
   </datafield>
   <datafield tag="653" ind2=" " ind1=" ">
      <subfield code="a">Hospital hygiene</subfield>
   </datafield>
   <datafield tag="653" ind2=" " ind1=" ">
      <subfield code="a">Infection control</subfield>
   </datafield>
   <datafield ind2="0" ind1="0" tag="245">
      <subfield code="a">'The 3/3 strategy': a successful multifaceted hospital wide hand hygiene intervention based on WHO and continuous quality improvement methodology.</subfield>
   </datafield>
</record></metadata></record></GetRecord></OAI-PMH>